000 00284nam a22001337a 4500
020 _a978-1-786-33089-5
082 _a158
_bGRA/I
100 _aGARCIA,HECTOR
245 _aIKIGAI
260 _aUK
_bPENGUIN BOOKS
300 _a185
650 _aPERSONALITY DEVELOPMENT
_zUK
942 _cBK
999 _c5770
_d5770